000 00863nas a2200277 4500
001 BR0701644
003 BR-BrBNA
005 20231205110653.0
007 ta
008 230509b bl.|||p| |||| 00| 00por d
040 _aBR-BrBNA
_bpor
_cBiblioteca Nacional de Agricultura
041 _a(Pt)
072 _aF02
100 1 _aCosta, F.H. da S.
100 1 _aPereira, M.A.A.
100 1 _aOliveira, J.P. de
100 1 _aPereira, J.E.S.
245 1 _aEfeito de agentes geleificantes alternativos no meio de cultura no cultivo in vitro de abacaxizeiro e bananeira
650 _aABACAXI
650 _aBANANA
650 _aMICROPROPAGAÇÃO
650 _aMEIO DE CULTURA
773 0 _tCiência e Agrotecnologia (Brazil)
_xISSN 1413-7054
_g(Jan-Feb 2007), v. 31(1) p. 41-46
_wBR0701644
909 _a202311
_bLúcia
_c55
_dLúcia Elande
942 _2AGRIS
_n0
_cANA
999 _c188462
_d188462